The Holy Trinity (Record no. 22851)

MARC details
000 -LEADER
fixed length control field 00266nam a22001217a 4500
082 ## - DEWEY DECIMAL CLASSIFICATION NUMBER
Classification number 238 HAK
100 ## - MAIN ENTRY--AUTHOR NAME
Author name Hakkeem, Abdul
245 ## - TITLE STATEMENT
Title The Holy Trinity
260 ## - PUBLICATION, DISTRIBUTION, ETC. (IMPRINT)
Place of publication Kerala
Name of publisher Truth Publications
Year of publication 1994
300 ## - PHYSICAL DESCRIPTION
Number of Pages 94
650 ## - SUBJECT ADDED ENTRY--TOPICAL TERM
Topical Term Creeds-Christianity
942 ## - ADDED ENTRY ELEMENTS (KOHA)
Koha item type Books
Holdings
Home library Current library Shelving location Date acquired Full call number Accession Number Koha item type
Henry Martyn Institute Library Henry Martyn Institute Library General stacks 03/05/2020 238 HAK 11004151 Books
                   Copyright © 2026 | Henry Martyn Institute | Hyderabad | TS-500052 | INDIA | Implemented by hmi.edu.in
Hit-Count:

Powered by Koha